000 00716nam a2200229 a 4500
001 BRL_811
005 20190320210916.0
008 091013s1986----mx-#######---#000-0#spa-#
020 _a9686125205
041 _aspa
044 _amx
050 4 _aLC189
_b.N84 1986
245 1 0 _aLa nueva sociología de la educación
_cantología preparada por Patricia de Leonardo.
260 _aMéxico
_bSEP, Subsecretaría de Cultura, Dirección General de Publicaciones ; Ediciones Caballito
_c1986
300 _a156 p.
_c21 cm.
440 0 _aBiblioteca Pedagógica
_925012
500 _aAu926
650 1 4 _aSociología de la educación
_925013
700 1 _aLeonardo, Patricia de
_925014
902 _aGRL
942 _2lcc
_cB
999 _c9623
_d9623